The Teacher and the needs of society in evolution /

Guardat en:
Dades bibliogràfiques
Altres autors: King, Edmund James, 1914- (ed.)
Format: Llibre
Idioma:English
Publicat: Oxford, New York, Pergamon Press [1970]
Edició:[1st ed.]
Col·lecció:Commonwealth and international library. Education and educational research division
Matèries:
LEADER 01068nam a2200277 a 4500
001 c000038051
003 CARM
005 19870114000000.0
008 700817s1970 enk b 000 0 eng
019 1 |a 21843761  |z 469286  |5 LACONCORD2021 
020 |a 0080161030 
035 |a (OCoLC)90621  |5 LACONCORD2021 
040 |a LC  |b eng  |c LC  |d VERC 
050 0 0 |a LB41  |b .T337 1970 
082 0 4 |a 370.11 
245 0 4 |a The Teacher and the needs of society in evolution /  |c edited by Edmund J. King. 
250 |a [1st ed.] 
260 |a Oxford,  |a New York,  |b Pergamon Press  |c [1970] 
300 |a xii, 319 p.  |c 20 cm. 
490 0 |a Commonwealth and international library. Education and educational research division 
504 |a Includes bibliographies. 
650 0 |a Education  |x Aims and objectives. 
700 1 |a King, Edmund James,  |d 1914-,  |e ed. 
852 8 |b CARM  |h A2:AH38A0  |i B03760  |p 0180521  |f BK 
999 f f |i aa446e63-d9a4-5945-a548-dafa07f618a0  |s b98e0c9a-d984-5bfb-855b-a5637f7e3407 
952 f f |p Can circulate  |a CAVAL  |b CAVAL  |c CAVAL  |d CARM 1 Store  |e B03760  |f A2:AH38A0  |h Other scheme  |i book  |m 0180521